000 004560000a22001690004500
003 MACL
005 20151216164053.0
008 151216b xxu||||| |||| 00| 0 eng d
040 _aMACL
_cMACL
041 _aEnglish
082 _a030/CAV
100 _aMarshall Cavendish Corporation
_920544
245 _aEncyclopedia of Mammals
_bVol 11 Ora Pol
260 _bMarshall Cavendish Corporation
650 _aEncyclopaedia
_920545
942 _cBK
_k030/CAV
_2ddc
999 _c39920
_d39920